| 000 | 00864nas a2200265 4500 | ||
|---|---|---|---|
| 001 | BR2014004271 | ||
| 003 | BR-BrBNA | ||
| 005 | 20231205124229.0 | ||
| 007 | ta | ||
| 008 | 230509b bl.|||p| |||| 00| 00por d | ||
| 040 |
_aBR-BrBNA _bpor _cBiblioteca Nacional de Agricultura |
||
| 041 | _a(Pt) | ||
| 072 | _aP33; P34 | ||
| 100 | 1 | _aMendonça, C.C.T.N. | |
| 100 | 1 | _aPaccola, A.A. | |
| 100 | 1 | _aSargentelli, V. | |
| 245 | 1 | _aInfluência do pH na liberação de íons de ferro para a solução de solo de um latossolo vermelho escuro tratado com sacarose | |
| 650 | _aACIDEZ DO SOLO | ||
| 650 | _aQUÍMICA DO SOLO | ||
| 650 | _aÓXIDO DE FERRO | ||
| 650 | _aOXIDAÇÃO | ||
| 773 | 0 |
_tEnergia na Agricultura (Brazil) _xISSN 1808-8759 _g(Apr-Jun 2005), V. 20(2) p. 30-40 _wBR2014004271 |
|
| 909 |
_a202311 _bLúcia _c55 _dLúcia Elande |
||
| 942 |
_2AGRIS _n0 _cANA |
||
| 999 |
_c237998 _d237998 |
||